<?xml version="1.0" encoding="UTF-8"?>
<collection xmlns="http://www.loc.gov/MARC21/slim">
 <record>
  <leader>02454cam a2200457   4500</leader>
  <controlfield tag="001">1725308940</controlfield>
  <controlfield tag="003">DE-627</controlfield>
  <controlfield tag="005">20241127035701.0</controlfield>
  <controlfield tag="007">tu</controlfield>
  <controlfield tag="008">200722s2020    sp |||||      00| ||spa c</controlfield>
  <datafield tag="020" ind1=" " ind2=" ">
   <subfield code="a">9788418079436</subfield>
   <subfield code="c">Eolas Ediciones</subfield>
   <subfield code="9">978-84-18079-43-6</subfield>
  </datafield>
  <datafield tag="020" ind1=" " ind2=" ">
   <subfield code="a">9788497739900</subfield>
   <subfield code="c">Universidad de León</subfield>
   <subfield code="9">978-84-9773-990-0</subfield>
  </datafield>
  <datafield tag="035" ind1=" " ind2=" ">
   <subfield code="a">(DE-627)1725308940</subfield>
  </datafield>
  <datafield tag="035" ind1=" " ind2=" ">
   <subfield code="a">(DE-599)KXP1725308940</subfield>
  </datafield>
  <datafield tag="035" ind1=" " ind2=" ">
   <subfield code="a">(OCoLC)1220910323</subfield>
  </datafield>
  <datafield tag="035" ind1=" " ind2=" ">
   <subfield code="a">(ZDB-21-EIL)4670706</subfield>
  </datafield>
  <datafield tag="040" ind1=" " ind2=" ">
   <subfield code="a">DE-627</subfield>
   <subfield code="b">ger</subfield>
   <subfield code="c">DE-627</subfield>
   <subfield code="e">rda</subfield>
  </datafield>
  <datafield tag="041" ind1=" " ind2=" ">
   <subfield code="a">spa</subfield>
  </datafield>
  <datafield tag="044" ind1=" " ind2=" ">
   <subfield code="c">XA-ES</subfield>
  </datafield>
  <datafield tag="050" ind1=" " ind2="0">
   <subfield code="a">PN</subfield>
  </datafield>
  <datafield tag="082" ind1="0" ind2=" ">
   <subfield code="a">741</subfield>
  </datafield>
  <datafield tag="084" ind1=" " ind2=" ">
   <subfield code="a">EC 7120</subfield>
   <subfield code="2">rvk</subfield>
   <subfield code="0">(DE-625)rvk/20768:</subfield>
  </datafield>
  <datafield tag="245" ind1="1" ind2="0">
   <subfield code="a">Narrativa gráfica de la Guerra Civil</subfield>
   <subfield code="b">perspectivas globales y particulares</subfield>
   <subfield code="c">Viviane Alary y Michel Matly (eds.)</subfield>
  </datafield>
  <datafield tag="264" ind1=" " ind2="1">
   <subfield code="a">León</subfield>
   <subfield code="b">Universidad de León</subfield>
   <subfield code="c">[2020]</subfield>
  </datafield>
  <datafield tag="264" ind1=" " ind2="4">
   <subfield code="c">© 2020</subfield>
  </datafield>
  <datafield tag="300" ind1=" " ind2=" ">
   <subfield code="a">370 Seiten</subfield>
   <subfield code="b">Illustrationen</subfield>
   <subfield code="c">24 cm</subfield>
  </datafield>
  <datafield tag="336" ind1=" " ind2=" ">
   <subfield code="a">Text</subfield>
   <subfield code="b">txt</subfield>
   <subfield code="2">rdacontent</subfield>
  </datafield>
  <datafield tag="337" ind1=" " ind2=" ">
   <subfield code="a">ohne Hilfsmittel zu benutzen</subfield>
   <subfield code="b">n</subfield>
   <subfield code="2">rdamedia</subfield>
  </datafield>
  <datafield tag="338" ind1=" " ind2=" ">
   <subfield code="a">Band</subfield>
   <subfield code="b">nc</subfield>
   <subfield code="2">rdacarrier</subfield>
  </datafield>
  <datafield tag="490" ind1="1" ind2=" ">
   <subfield code="a">Grafikalismos</subfield>
   <subfield code="v">no. 8</subfield>
  </datafield>
  <datafield tag="500" ind1=" " ind2=" ">
   <subfield code="a">Proceedings of a conference held in Angoulême, France, Nov. 2016</subfield>
  </datafield>
  <datafield tag="655" ind1=" " ind2="7">
   <subfield code="a">Konferenzschrift</subfield>
   <subfield code="0">(DE-588)1071861417</subfield>
   <subfield code="0">(DE-627)826484824</subfield>
   <subfield code="0">(DE-576)433375485</subfield>
   <subfield code="2">gnd-content</subfield>
  </datafield>
  <datafield tag="700" ind1="1" ind2=" ">
   <subfield code="a">Alary, Viviane</subfield>
   <subfield code="d">1960-</subfield>
   <subfield code="e">HerausgeberIn</subfield>
   <subfield code="0">(DE-588)1057281115</subfield>
   <subfield code="0">(DE-627)795796358</subfield>
   <subfield code="0">(DE-576)413579476</subfield>
   <subfield code="4">edt</subfield>
  </datafield>
  <datafield tag="700" ind1="1" ind2=" ">
   <subfield code="a">Matly, Michel</subfield>
   <subfield code="d">1952-</subfield>
   <subfield code="e">HerausgeberIn</subfield>
   <subfield code="0">(DE-588)1179941365</subfield>
   <subfield code="0">(DE-627)1067553533</subfield>
   <subfield code="0">(DE-576)518409317</subfield>
   <subfield code="4">edt</subfield>
  </datafield>
  <datafield tag="787" ind1="0" ind2="8">
   <subfield code="i">Rezensiert in</subfield>
   <subfield code="a">Gracia Lana, Julio A., 1989 - </subfield>
   <subfield code="t">[Rezension von: Viviane Alary, Michel Matly (Hrsg.), Narrativa gráfica de la Guerra Civil. Perspectivas globales y particulares]</subfield>
   <subfield code="d">2021</subfield>
   <subfield code="w">(DE-627)1780849249</subfield>
  </datafield>
  <datafield tag="830" ind1=" " ind2="0">
   <subfield code="a">Colección Grafikalismos</subfield>
   <subfield code="v">no. 8</subfield>
   <subfield code="9">8</subfield>
   <subfield code="w">(DE-627)1029017654</subfield>
   <subfield code="w">(DE-576)50837457X</subfield>
   <subfield code="w">(DE-600)2939525-2</subfield>
   <subfield code="7">ns</subfield>
  </datafield>
  <datafield tag="856" ind1="4" ind2="2">
   <subfield code="u">https://www.gbv.de/dms/spk/iai/toc/1725308940.pdf</subfield>
   <subfield code="m">V:DE-601</subfield>
   <subfield code="m">B:DE-204</subfield>
   <subfield code="q">pdf/application</subfield>
   <subfield code="v">2024-11-27</subfield>
   <subfield code="3">Inhaltsverzeichnis</subfield>
  </datafield>
  <datafield tag="936" ind1="r" ind2="v">
   <subfield code="a">EC 7120</subfield>
   <subfield code="b">Comic, hier auch Graphic Novel</subfield>
   <subfield code="k">Allgemeine und vergleichende Sprach- und Literaturwissenschaft. Indogermanistik. Außereuropäische Sprachen und Literaturen</subfield>
   <subfield code="k">Allgemeine und vergleichende Literaturwissenschaft.</subfield>
   <subfield code="k">Literaturgeschichte</subfield>
   <subfield code="k">Geschichte der Literaturgattungen (literarischen Gattungen)</subfield>
   <subfield code="k">Epik</subfield>
   <subfield code="k">Prosa</subfield>
   <subfield code="k">Comic, hier auch Graphic Novel</subfield>
   <subfield code="0">(DE-627)1270766716</subfield>
   <subfield code="0">(DE-625)rvk/20768:</subfield>
   <subfield code="0">(DE-576)200766716</subfield>
  </datafield>
  <datafield tag="951" ind1=" " ind2=" ">
   <subfield code="a">BO</subfield>
  </datafield>
  <datafield tag="991" ind1=" " ind2=" ">
   <subfield code="a">Rezensiertes Werk</subfield>
  </datafield>
  <datafield tag="999" ind1=" " ind2=" ">
   <subfield code="a">KXP-PPN1725308940</subfield>
   <subfield code="e">4034428155</subfield>
  </datafield>
 </record>
</collection>
